Hochbestủrtzte Trauerworte/ Welche/ Als Der Wohl-Ehrenbeste/ Vorachtbahre und Wohlgelahrte/ Herr Heinrich Christian Mảrilcher/ von Wohlau aus Schlesien/ Beyder Rechten und de Welt-Weisheit Eyfrigst befließener/ Des Wohl-Edlen/ Vesten und Hochgelahrten Herrn Romani Mảrischers/ Wohlauischen Fủrstenthumbs Hochansehnlichen geheimen Secretarij und des Geistlichen Consistorij Hochansehnlichen Beysitzers Hertzgeliebter ảltester Herr Sohn/ Nach dem unvermeidlichen Rath-Schluße Gottes in Leipzit den 1. Novembr. dieses 1669 jahres Von seiner Seele Hỏchst-seelig geschieden/ den 5. Selbigen Monaths hierauff durch ein hochansehnliches Leichbegảngnủß verewiget ward

Bibliographic Details
Main Author: Grünewald, Johann, zomrel 1675 (Author, Dedicator)
Corporate Author: Hake, Johann II. (Wittenberg, Nemecko) (Printer)
Other Authors: Hake, Johann II., 17. storočie (Printer)
Format: Book
Language:German
Subjects:

MARC

LEADER 00000nam a2200000 4500
001 vtls012009670
003 SK-MaSNL
005 20260301230408.0
008 251112s1669 gw f 010 m ger
015 |a SNBHFA1669 
040 |a SNKHF  |b slo  |c SNKHF  |e rda 
041 0 |a ger 
044 |a gw  |c DE 
072 7 |a 2  |x Náboženstvo  |2 konspekt 
080 |a 2‑21  |2 2011 
080 |a 82‑142  |2 2011 
080 |a 2‑557  |2 2011 
100 1 |a Grünewald, Johann,  |d zomrel 1675  |4 aut  |4 dto  |9 621158 
245 1 0 |a Hochbestủrtzte Trauerworte/ Welche/ Als Der Wohl-Ehrenbeste/ Vorachtbahre und Wohlgelahrte/ Herr Heinrich Christian Mảrilcher/ von Wohlau aus Schlesien/ Beyder Rechten und de Welt-Weisheit Eyfrigst befließener/ Des Wohl-Edlen/ Vesten und Hochgelahrten Herrn Romani Mảrischers/ Wohlauischen Fủrstenthumbs Hochansehnlichen geheimen Secretarij und des Geistlichen Consistorij Hochansehnlichen Beysitzers  |b Hertzgeliebter ảltester Herr Sohn/ Nach dem unvermeidlichen Rath-Schluße Gottes in Leipzit den 1. Novembr. dieses 1669 jahres Von seiner Seele Hỏchst-seelig geschieden/ den 5. Selbigen Monaths hierauff durch ein hochansehnliches Leichbegảngnủß verewiget ward  |c abstattete Johannes Grủnwald/ von Wohlau aus Schlesien 
264 3 |a [Wittenberg]  |b Gedruckt bey Johann Haken  |c 1669 
300 |a 2 nečíslované listy  |c 2° 
336 |a text  |b txt  |2 rdacontent 
337 |a bez média  |b n  |2 rdamedia 
338 |a zväzok  |b nc  |2 rdacarrier 
500 |a Vinety, iniciálky s ornamentálnym pozadím vo voľnom priestore na 8 riadkov 
501 |a Príväzok 68. k: NIMPTSCH, Kaspar. Jesus Fidelium Clypeus, Jesus Ein Schild aller Gläubigen. Jn Hoch-Fủrsttl. Residentz-Stadt Oelß: druckts Gottfried Gủntzel, 1684.  |5 SNK IB 75050 
504 |a Kustody 
508 |a Dedikácia: Grünewald, Johann; Märilcher, Heinrich Christian; Märischer, Roman 
546 |a Nemčina  |b Fraktúra 
546 |a Latinčina  |b Antikva 
550 |a Miesto tlače doplnené podľa pôsobiska tlačiara 
561 |a Z knižnice Učenej spoločnosti malohontskej.  |5 SNK IB 75050/prív.68 
650 0 7 |a náboženstvo  |2 SNKPH  |9 2023 
650 0 7 |a smútočné prejavy  |2 SNKPH  |9 119256 
650 0 7 |a pohrebné kázne  |2 SNKPH  |9 115491 
655 7 |a básne  |2 SNKPH  |9 86731 
700 1 |a Märilcher, Heinrich Christian,  |d zomrel 1669  |4 hnr  |9 621159 
700 1 |a Märischer, Roman,  |d zomrel 1669  |4 hnr  |9 621160 
700 1 |a Hake, Johann  |b II.,  |d 17. storočie  |4 prt  |9 359570 
710 2 |a Učená spoločnosť malohontská  |4 fmo  |9 205374 
710 0 |a Hake, Johann II. (Wittenberg, Nemecko),  |d 1653-1675  |4 prt  |9 197732 
752 |a Nemecko  |d Wittenberg 
852 |a snk  |b Historické fondy  |p IB 75050/prív.68 
958 |a DC 
958 |a ONDV 
999 |c 954621  |d 956551 
952 |t II.B.g.267 / MHB 16  |a SNK  |b SNK  |c SNK_HF  |y PREZ  |7 0  |p 17A1358505  |o snkIB 75050/prív.68  |i snk2020/22881  |8 5  |z 68. príväzok  |0 0  |1 0  |4 0  |d 2020-12-18  |l 0  |r 2026-02-24 09:59:40  |w 2026-02-24